Catálogo público

Poda de la vid (Record no. 65125)

MARC details
000 -CABECERA
campo de control de longitud fija 01065nam a22003257a 4500
003 - IDENTIFICADOR DEL NÚMERO DE CONTROL
campo de control CHAP
005 - FECHA Y HORA DE LA ÚLTIMA TRANSACCIÓN
campo de control 20220329141240.0
008 - DATOS DE LONGITUD FIJA--INFORMACIÓN GENERAL
campo de control de longitud fija 971010s1985 es a r 00010 spa d
010 ## - NÚMERO DE CONTROL DE LA BIBLIOTECA DEL CONGRESO
Número de control de LC 65125
011 ## - ENLACE DEL NUMERO DE CONTROL DE LA BIBLIOTECA DEL CONGRESO [OBSOLETO]
Número de control de LC 66097
020 ## - NÚMERO INTERNACIONAL ESTÁNDAR DEL LIBRO
Número Internacional Estándar del Libro 8471141523
035 ## - NÚMERO DE CONTROL DEL SISTEMA
Número de control de sistema 74012
040 ## - FUENTE DE LA CATALOGACIÓN
Centro/agencia transcriptor CHAP
082 10 - NÚMERO DE LA CLASIFICACIÓN DECIMAL DEWEY
Número de clasificación 634.8
Número de documento/Ítem H53 1985
100 00 - ENTRADA PRINCIPAL--NOMBRE DE PERSONA
Nombre de persona Hidalgo, Luis.
9 (RLIN) 55213
245 10 - MENCIÓN DE TÍTULO
Título Poda de la vid
Mención de responsabilidad, etc. /por Luis Hidalgo
250 ## - MENCIÓN DE EDICIÓN
Mención de edición 3 ed. rev. y aum.
260 ## - PUBLICACIÓN, DISTRIBUCIÓN, ETC.
Lugar de publicación, distribución, etc. Madrid :
Nombre del editor, distribuidor, etc. Mundi-Prensa,
Fecha de publicación, distribución, etc. 1985
300 ## - DESCRIPCIÓN FÍSICA
Extensión 222 p.
Otras características físicas : ilus.
590 ## - NOTA LOCAL (RLIN)
Nota local BATCH-UPD
Procedencia (VM) [OBSOLETO] 10
Condición del los carretes individuales (VM) [OBSOLETO] 20130110
-- UCH01
-- 1724
590 ## - NOTA LOCAL (RLIN)
Nota local CONVERSION
Procedencia (VM) [OBSOLETO] 10
Condición del los carretes individuales (VM) [OBSOLETO] 20130109
-- UCH01
-- 1335
650 14 - PUNTO DE ACCESO ADICIONAL DE MATERIA--TÉRMINO DE MATERIA
Término de materia o nombre geográfico como elemento de entrada Uva.
9 (RLIN) 117117
650 14 - PUNTO DE ACCESO ADICIONAL DE MATERIA--TÉRMINO DE MATERIA
Término de materia o nombre geográfico como elemento de entrada Vid
Subdivisión general Poda.
9 (RLIN) 119133
901 ## - ELEMENTOS DE DATOS A LOCAL LDA (RLIN)
a BK
942 ## - ELEMENTOS DE PUNTO DE ACCESO ADICIONAL (KOHA)
Tipo de ítem Koha Libro
949 ## - PROCESAMIENTO DE INFORMACIÓN LOCAL (OCLC)
a 634.8 H53 1985
b BC
c LIBRO
d 33724000210845
e LIBRO
f c.2
g I.c/e
h 85209
i 74012
s i
949 ## - PROCESAMIENTO DE INFORMACIÓN LOCAL (OCLC)
a 634.8 H53 1985
b BC
c LIBRO
d 33724000210852
e LIBRO
g I.c/e
h 85208
i 74012
s i
t 82.00
949 ## - PROCESAMIENTO DE INFORMACIÓN LOCAL (OCLC)
a 634.8 H53 1985
b BC
c LIBRO
d 33724002243835
e LIBRO
f c.3
g DonaciØn
h 115294
i 74012
s i
949 ## - PROCESAMIENTO DE INFORMACIÓN LOCAL (OCLC)
b BC
c LIBRO
d D_27015
e LIBRO
f c.3
h 74993
i 74012
s t
Holdings
Estado de retiro Estado de pérdida Fuente del sistema de clasificación o colocación Estado dañado Restricciones de uso No para préstamo Código de colección Localización permanente Ubicación/localización actual Ubicación en estantería Fecha de adquisición Fuente de adquisición Información codificada de la localización en otra ubicación Total de préstamos Signatura topográfica completa Código de barras Fecha visto por última vez Fecha del último préstamo Número de copia Precio válido a partir de Tipo de ítem Koha Renovaciones totales
    Dewey Decimal Classification   Préstamo 15 días   General Biblioteca Central Biblioteca Central Planta principal - Colección General 31/12/2019 Donacion LIBRO 3 634.8 H53 1985 33724002243835 07/04/2026 18/03/2026 c.3 31/12/2019 Libro  
    Dewey Decimal Classification   Préstamo 15 días   General Biblioteca Central Biblioteca Central Planta principal - Colección General 31/12/2019 I.c/e LIBRO   634.8 H53 1985 33724000210845 31/12/2019   c.2 31/12/2019 Libro  
    Dewey Decimal Classification   Préstamo 15 días   General Biblioteca Central Biblioteca Central Planta principal - Colección General 31/12/2019 I.c/e LIBRO 4 634.8 H53 1985 33724000210852 09/03/2026 26/02/2026   31/12/2019 Libro 3
    Dewey Decimal Classification   Préstamo 15 días   General Biblioteca Central Biblioteca Central   31/12/2019   LIBRO   634.8 H53 1985 D_27015 31/12/2019   c.3 31/12/2019 Diapositiva